El libro amarillo del Vietnam / (Record no. 146592)

MARC details
000 -LEADER
campo de control de longitud fija 00648nam a2200217 i 4500
001 - NÚMERO DE CONTROL
campo de control 146592
003 - IDENTIFICADOR DE NÚMERO DE CONTROL
campo de control ES-MaACL
005 - FECHA Y HORA DE LA ÚLTIMA TRANSACCIÓN
campo de control 20230906201609.0
007 - CAMPO FIJO DE DESCRIPCIÓN FÍSICA--INFORMACIÓN GENERAL
campo de control de longitud fija t|
008 - DATOS DE LONGITUD FIJA--INFORMACIÓN GENERAL
campo de control de longitud fija 070912s1967 sp ||||1| spa d
080 ## - NÚMERO DE LA CLASIFICACIÓN DECIMAL UNIVERSAL
Número de la Clasificación Decimal Universal 959.7
100 1# - ENTRADA PRINCIPAL--NOMBRE DE PERSONA
Nombre de persona Tournaire, Hélène.
9 (RLIN) 111141
245 13 - MENCIÓN DEL TÍTULO
Título El libro amarillo del Vietnam /
Mención de responsabilidad, etc. Hélène Turnaire, Robert Bouteaud ; [traducido por Mireia Bofill].
250 ## - MENCION DE EDICION
Mención de edición 1ª ed.
260 ## - PUBLICACIÓN, DISTRIBUCIÓN, ETC.
Lugar de publicación, distribución, etc. Barcelona :
Nombre del editor, distribuidor, etc. Cultura Popular,
Fecha de publicación, distribución, etc. 1967.
300 ## - DESCRIPCIÓN FÍSICA
Extensión 333 p. ;
Dimensiones 21 cm.
651 #4 - PUNTO DE ACCESO ADICIONAL DE MATERIA--NOMBRE GEOGRÁFICO
Nombre geográfico Vietnam-
Subdivisión general Historia.
9 (RLIN) 9537
700 1# - ENTRADA AGREGADA--NOMBRE PERSONAL
Nombre de persona Bouteaud, Robert.
9 (RLIN) 31050
700 1# - ENTRADA AGREGADA--NOMBRE PERSONAL
Nombre de persona Bofill, Mireia.
9 (RLIN) 29779
852 ## - LOCALIZACIÓN
Ubicación ES-MaACL
Número de control de estantería C-33069
Holdings
Estatus retirado Estado de pérdida Estado de daño No para préstamo Biblioteca de origen Biblioteca actual Ubicación en estantería Fecha de adquisición Fuente de adquisición Total de préstamos Signatura topográfica completa Código de barras Visto por última vez Precio de reemplazo Tipo de ítem Koha
        Biblioteca del Ateneo de Madrid Biblioteca del Ateneo de Madrid Depósito 2 17/01/2008     C-33069 1152999 23/02/2023 23/02/2023 Libro impreso